| 000 | 00478cam a2200193ua 4500 | ||
|---|---|---|---|
| 001 | 6017 | ||
| 008 | 131108n ii |||gr||||Z||||||asm | ||
| 040 | _cMAIN | ||
| 082 | _a944.04 | ||
| 245 |
_aFarasi Biplob _cBy Dhrubajyoti Borah |
||
| 250 | _a2nd. | ||
| 260 |
_aKolkata: _bShreebhumi Publishing Company, _c1986. |
||
| 300 | _ax,148p. | ||
| 653 | _aHistory | ||
| 653 | _aFarasi Biplob | ||
| 653 | _aFrance revolution | ||
| 700 |
_aBorah,Dhrubajyoti, _eAuthor., |
||
| 942 | _cBK | ||
| 999 |
_c5170 _d5170 |
||